Η επιστημονική επανάσταση και η φιλοσοφική θεωρία της επιστήμης : ακμή και υπέρβαση του θετικισμού
Αποθηκεύτηκε σε:
| Κύριος συγγραφέας: | |
|---|---|
| Συγγραφή απο Οργανισμό/Αρχή: | |
| Μορφή: | Βιβλίο |
| Γλώσσα: | Greek |
| Δημοσίευση: |
Πάτρα :
Ελληνικό Ανοικτό Πανεπιστήμιο,
2001
|
| Θέματα: | |
| Ετικέτες: |
Προσθήκη ετικέτας
Δεν υπάρχουν, Καταχωρήστε ετικέτα πρώτοι!
|
MARC
| LEADER | 00000cam a2200000 i 4500 | ||
|---|---|---|---|
| 001 | 1/43774 | ||
| 008 | 070507s2001 gre d | ||
| 020 | |a 960-538-403-5 (τ.Β) | ||
| 035 | |l 10087690 | ||
| 040 | |a GR-MY-UA |b gre |e aacr | ||
| 041 | 0 | |a gre | |
| 082 | 0 | |a 509 |2 (22) | |
| 100 | 1 | |a Βαλλιάνος, Περικλής Σ., |d 1950- | |
| 245 | 1 | 2 | |a Η επιστημονική επανάσταση και η φιλοσοφική θεωρία της επιστήμης : |b ακμή και υπέρβαση του θετικισμού / |c Περικλής Βαλλιάνος ; Ελληνικό Ανοικτό Πανεπιστήμιο |
| 260 | |a Πάτρα : |b Ελληνικό Ανοικτό Πανεπιστήμιο, |c 2001 | ||
| 300 | |a 201 σ. ; |c 28 εκ. | ||
| 500 | |a Σχολή ΑνΘρωπιστικών Σπουδών, Πρόγραμμα Σπουδών: Σπουδές στον Ευρωπαϊκό Πολιτισμό, Θεματική Ενότητα: Οι Επιστήμες της Φύσης και του Ανθρώπου στην Ευρώπη | ||
| 504 | |a Περιέχει βιβλιογραφία | ||
| 650 | 0 | 0 | |a Middle Ages |x History. |
| 650 | 0 | 0 | |a Science, Medieval. |
| 650 | 0 | 0 | |a Positivism. |
| 710 | 2 | |a Ελληνικό Ανοικτό Πανεπιστήμιο. | |
| 774 | 1 | |t Οι επιστήμες της φύσης και του ανθρώπου στην Ευρώπη | |
| 852 | |a INST |b LESVOS |e 20070507 |h 509 ΒΑΛ |p 005100038459 |q 005100038459 |t BK |y 0 |z τ.Β | ||
| 852 | |a INST |b LESVOS |e 20070507 |h 509 ΒΑΛ |p 005100038459 |q 005100038459 |t BK |v τ.Β: |y 0 |z τ.Β | ||
| 853 | |a INST |b LESVOS |h 509 ΒΑΛ | ||
| 901 | |a BIBL1-2007-2 | ||
| 909 | |a Λ |b 130596 | ||
| 970 | |a ΧΑΤΖΗΜΙΧΑΗΛ |b ΜΑΡΙΑ |z 2007/05/07 | ||